[Event "New York State-ch 137th"]
[Site "Colonie"]
[Date "2015.09.07"]
[Round "5"]
[White "Ricardo, Perez Billinghurst"]
[Black "Chi, Patrick"]
[Result "0-1"]
[WhiteElo "2123"]
[BlackElo "2166"]
[PlyCount "90"]
[EventDate "2015.09.05"]
[EventType "swiss"]
[EventRounds "6"]
[EventCountry "USA"]
[SourceTitle "EXT 2016"]
[Source "ChessBase"]
[SourceDate "2015.10.08"]
[SourceVersion "1"]
[SourceVersionDate "2015.10.08"]
[SourceQuality "1"]

1. e4 c6 2. d4 d5 3. e5 Bf5 4. c4 e6 5. Nc3 Ne7 6. Nge2 dxc4 7. Ng3 b5 8. a4 b4 9. Na2 a5 10. Bxc4 Bg6 11. Be3 Nd7 12. Nc1 Nd5 13. Nb3 Be7 14. 0-0 0-0 15. Bd3 Nxe3 16. fxe3 Nxe5 17. Bxg6 Nxg6 18. Rc1 Qb6 19. Qf3 Rac8 20. Nc5 Rcd8 21. Qg4 Bxc5 22. Rxc5 Rd5 23. Rfc1 Rxc5 24. Rxc5 Rd8 25. h4 h6 26. h5 Ne7 27. Qh4 Kf8 28. Qe4 Rd5 29. Rc1 c5 30. dxc5 Rxc5 31. Qa8+ Nc8 32. Rd1 Qc6 33. Qxc6 Rxc6 34. Rd8+ Ke7 35. Rg8 Nb6 36. b3 Rc3 37. Rb8 Nd7 38. Rb5 Rxe3 39. Kf2 Re5 40. Rb7 Kd6 41. Kf3 f5 42. Ne2 Rd5 43. Nf4 Rc5 44. Nd3 Rc3 45. Ke2 Rxd3 0-1

[Event "New York State-ch 135th"]
[Site "Albany"]
[Date "2013.08.31"]
[Round "2"]
[White "Chi, Patrick"]
[Black "Renna, Tony"]
[Result "1-0"]
[WhiteElo "2101"]
[BlackElo "2362"]
[PlyCount "81"]
[EventDate "2013.08.31"]
[EventType "swiss"]
[EventRounds "6"]
[EventCountry "USA"]
[SourceTitle "CBM 156 Extra"]
[Source "ChessBase"]
[SourceDate "2013.10.22"]
[SourceVersion "1"]
[SourceVersionDate "2013.10.22"]
[SourceQuality "1"]

1. d4 e6 2. c4 Nf6 3. Nc3 d5 4. Bg5 dxc4 5. e3 Be7 6. Bxc4 0-0 7. Nge2 a6 8. a4 c5 9. 0-0 cxd4 10. Nxd4 Bd7 11. Qe2 Nc6 12. Rfd1 Qa5 13. Nf3 Rad8 14. e4 h6 15. Bf4 Bc8 16. e5 Rxd1+ 17. Rxd1 Nh7 18. Qe4 Rd8 19. Rxd8+ Nxd8 20. Be2 Nc6 21. Bd3 Nf8 22. Ne2 Qb4 23. Qxb4 Nxb4 24. Be4 Nd7 25. Bd2 Kf8 26. Nc1 Nc5 27. Bxb4 Nxe4 28. Bxe7+ Kxe7 29. a5 f6 30. Kf1 fxe5 31. Nxe5 Kd6 32. Ncd3 Nc5 33. Nc4+ Kc6 34. Nxc5 Kxc5 35. Nb6 Kb5 36. Nxc8 Kxa5 37. Ke2 Kb4 38. Kd2 Kb3 39. Kc1 b5 40. Nd6 b4 41. Ne4 1-0

[Event "USA-chT Amateur East"]
[Site "Parsippany"]
[Date "2012.02.20"]
[Round "5"]
[White "Frenklakh, Valery"]
[Black "Chi, Patrick"]
[Result "1/2-1/2"]
[WhiteElo "2305"]
[BlackElo "2052"]
[PlyCount "88"]
[EventDate "2012.02.18"]
[EventType "team-swiss"]
[EventRounds "6"]
[EventCountry "USA"]
[SourceTitle "CBM 147 Extra"]
[Source "ChessBase"]
[SourceDate "2012.04.24"]
[SourceVersion "1"]
[SourceVersionDate "2012.04.24"]
[SourceQuality "1"]

1. d4 d5 2. c4 c6 3. Nf3 Nf6 4. Qc2 dxc4 5. Qxc4 Bf5 6. g3 e6 7. Bg2 Nbd7 8. 0-0 Be7 9. Rd1 0-0 10. e3 Qc7 11. Nc3 e5 12. h3 Nb6 13. Qe2 exd4 14. Nxd4 Bg6 15. e4 Rad8 16. f4 Bc5 17. Be3 Rfe8 18. f5 Bxd4 19. Bxd4 Bxf5 20. Bxf6 gxf6 21. Rxd8 Qxd8 22. Rd1 Qe7 23. g4 Be6 24. Qf2 Rd8 25. Re1 Bc8 26. e5 fxe5 27. Ne4 Nd5 28. g5 Qb4 29. Nf6+ Nxf6 30. gxf6 Qf4 31. Qxf4 exf4 32. Re7 Kf8 33. Rc7 a5 34. Kf2 h6 35. Kf3 Be6 36. Rxb7 Bd5+ 37. Kf2 Bxg2 38. Kxg2 Kg8 39. Kf3 Rd6 40. Ra7 Rxf6 41. Rxa5 Kf8 42. b4 Rd6 43. Ke4 f3 44. Rf5 Rd2 1/2-1/2

[Event "New York State-ch 133rd"]
[Site "Colonie"]
[Date "2011.09.02"]
[Round "1"]
[White "Aaron, Deepak"]
[Black "Chi, Patrick"]
[Result "1-0"]
[WhiteElo "2228"]
[BlackElo "2046"]
[PlyCount "85"]
[EventDate "2011.09.02"]
[EventType "swiss"]
[EventRounds "6"]
[EventCountry "USA"]
[SourceTitle "CBM 144 Extra"]
[Source "ChessBase"]
[SourceDate "2011.10.28"]
[SourceVersion "1"]
[SourceVersionDate "2011.10.28"]
[SourceQuality "1"]

1. e4 c6 2. d4 d5 3. exd5 cxd5 4. c4 Nf6 5. Nc3 e6 6. Nf3 Bb4 7. Bd3 dxc4 8. Bxc4 0-0 9. 0-0 Nbd7 10. Bf4 Nb6 11. Qb3 Bxc3 12. bxc3 Nxc4 13. Qxc4 Nd5 14. Bd2 Bd7 15. a4 Nb6 16. Qd3 Qf6 17. a5 Nd5 18. c4 Nf4 19. Qe4 Ng6 20. Qxb7 Qd8 21. Rfc1 Qc8 22. Qe4 Re8 23. Ne5 Nxe5 24. Qxe5 Qb8 25. Qe4 Qd6 26. Rc3 e5 27. d5 f5 28. Qd3 f4 29. c5 Qf6 30. c6 Bf5 31. Qc4 Kh8 32. Qc5 Red8 33. c7 Rf8 34. Re1 Rfe8 35. d6 Bd7 36. f3 h5 37. Rd3 h4 38. Rd5 h3 39. Rdxe5 Qg6 40. Rg5 Qd3 41. Qc3 Rxe1+ 42. Bxe1 Qh7 43. Qe5 1-0